Estadísticas para Inmigración del Reino Unido por país

Haz click aquí para intentar la prueba.

Estadísticas generales

  • Esta prueba ha sido intentada 1.885 veces
  • La puntuación promedio es 12 de 20

Estadísticas de respuestas

PoblaciónPaís% Correcto
199,000 Estados Unidos
93%
147,000 Francia
92%
734,000 India
91%
191,000 China
90%
297,000 Alemania
85%
376,000 Irlanda
85%
142,000 Italia
81%
112,000 Australia
79%
502,000 Pakistán
78%
679,000 Polonia
70%
221,000 Sudáfrica
69%
181,000 Nigeria
55%
217,000 Bangladés
53%
130,000 Rumania
51%
128,000 Filipinas
42%
142,000 Kenia
37%
147,000 Jamaica
29%
129,000 Sri Lanka
25%
140,000 Lituania
19%
109,000 Zimbabue
14%

Distribución de puntuación

Porcentaje por número respondido

Porcentaje de gente con cada puntuación

Historial de tus puntuaciones

No has intentado esta prueba.